Niveles de significación del espacio en "Los ríos profundos" de José María Arguedas

Gespeichert in:
Bibliographische Detailangaben
1. Verfasser: García Murillo, Nelly
Format: Buch
Sprache:Undetermined
Veröffentlicht: San José, Costa Rica Universidad de Costa Rica, Escuela de Filología, Lingüística y Literatura 1976
Schlagworte:
Tags: Tag hinzufügen
Keine Tags, Fügen Sie den ersten Tag hinzu!

MARC

LEADER 00000nam a2200000Ia 4500
008 170316s9999 xx 000 0 und d
999 |c 13772  |d 13772 
040 |a cru BVZT 
090 |a Tesis 163 
100 |a García Murillo, Nelly 
245 |a Niveles de significación del espacio en "Los ríos profundos" de José María Arguedas 
260 |a San José, Costa Rica  |b Universidad de Costa Rica, Escuela de Filología, Lingüística y Literatura  |c 1976 
300 |a 204 páginas 
650 |a LICENCIATURA EN FILOLOGÍA ESPAÑOLA 
650 |a TRABAJO FINAL DE GRADUACIÓN  |9 237 
942 |c TFG  |h Tesis 163  |2 z